[Event "Wch U16"]
[Site "Montesilvano"]
[Date "2023.11.23"]
[Round "10"]
[White "Adury, Anant"]
[Black "Mattenberger, Matthias"]
[Result "1-0"]
[WhiteElo "2072"]
[BlackElo "2285"]
[PlyCount "91"]
[EventDate "2023.11.13"]
[EventType "swiss"]
[EventRounds "11"]
[EventCountry "ITA"]
[SourceTitle "CB48_2023"]
[SourceDate "2023.11.29"]
[SourceVersion "1"]
[SourceVersionDate "2023.11.29"]
[SourceQuality "1"]

1. e4 c5 2. Nf3 d6 3. d4 cxd4 4. Nxd4 Nf6 5. Nc3 a6 6. Be3 e5 7. Nb3 Be7 8. f3 Be6 9. Qd2 0-0 10. 0-0-0 Nbd7 11. g4 b5 12. g5 Nh5 13. Kb1 Nb6 14. Na5 Qc7 15. a3 Rab8 16. Nd5 Nxd5 17. exd5 Bxd5 18. Qxd5 Qxa5 19. Bc4 Qc7 20. Ba2 Kh8 21. Qd3 f5 22. Rhg1 f4 23. Bf2 g6 24. h4 Rfd8 25. Rge1 Bf8 26. Bd5 Bg7 27. Qe4 Qe7 28. Rd3 Rdc8 29. Red1 Bf8 30. Bb3 Qc7 31. Rc3 Qd8 32. Qd5 Be7 33. Be1 Rxc3 34. Bxc3 Qc7 35. Re1 Ng7 36. Rxe5 dxe5 37. Bxe5 Qd8 38. Bxg7+ Kxg7 39. Qe5+ Bf6 40. gxf6+ Qxf6 41. Qxb8 Qxh4 42. Qb7+ Kh6 43. Bg8 Qe1+ 44. Ka2 Qe2 45. Qxh7+ Kg5 46. Qh3 1-0

[Event "Wch U16"]
[Site "Montesilvano"]
[Date "2023.11.18"]
[Round "6"]
[White "Adury, Anant"]
[Black "Krawczyk, Flawian"]
[Result "0-1"]
[WhiteElo "2072"]
[BlackElo "2288"]
[PlyCount "139"]
[EventDate "2023.11.13"]
[EventType "swiss"]
[EventRounds "11"]
[EventCountry "ITA"]
[SourceTitle "CB48_2023"]
[SourceDate "2023.11.29"]
[SourceVersion "1"]
[SourceVersionDate "2023.11.29"]
[SourceQuality "1"]

1. e4 c5 2. Nf3 d6 3. d4 cxd4 4. Nxd4 Nf6 5. Nc3 a6 6. h3 e5 7. Nde2 h5 8. Bg5 Be7 9. Ng3 g6 10. Bc4 0-0 11. a4 Be6 12. Bxe6 fxe6 13. 0-0 Nc6 14. Nge2 Nd7 15. Be3 Qe8 16. Qd2 Rd8 17. Rad1 Kh7 18. Bg5 Nc5 19. Bxe7 Qxe7 20. Qe3 Rf7 21. Rd2 Qf8 22. Rfd1 Nb4 23. b3 Qh6 24. Qxh6+ Kxh6 25. Rxd6 Rxd6 26. Rxd6 Nxc2 27. Rb6 Nd4 28. b4 Nxa4 29. Nxa4 Nxe2+ 30. Kf1 Ng3+ 31. Ke1 Nxe4 32. f3 Nf6 33. Rxe6 Nd5 34. Rxe5 Nxb4 35. Re6 Nd3+ 36. Kf1 Rc7 37. Rb6 Rc4 38. Nb2 Nxb2 39. Rxb2 b5 40. Ke2 h4 41. Rd2 a5 42. Rd5 Rb4 43. Kd2 Rb2+ 44. Kc3 Rxg2 45. Rxb5 Rg3 46. Rxa5 Rxf3+ 47. Kd4 Rxh3 48. Ke4 Rb3 49. Kf4 Rb4+ 50. Kf3 g5 51. Kg2 Kh5 52. Ra2 Rb3 53. Kh2 Rb5 54. Kh3 g4+ 55. Kh2 Kg5 56. Kg2 h3+ 57. Kg3 Rb3+ 58. Kh2 Kh4 59. Ra4 Rb2+ 60. Kg1 Rb5 61. Kh2 Kg5 62. Kg3 Rb3+ 63. Kh2 Rb2+ 64. Kh1 g3 65. Ra5+ Kf4 66. Ra4+ Kf3 67. Ra1 Rb4 68. Rf1+ Kg4 69. Rc1 h2 70. Rc2 0-1

[Event "Wch U16"]
[Site "Montesilvano"]
[Date "2023.11.15"]
[Round "3"]
[White "Mesic, Ismet"]
[Black "Adury, Anant"]
[Result "1/2-1/2"]
[WhiteElo "2318"]
[BlackElo "2072"]
[PlyCount "146"]
[EventDate "2023.11.13"]
[EventType "swiss"]
[EventRounds "11"]
[EventCountry "ITA"]
[SourceTitle "CB48_2023"]
[SourceDate "2023.11.29"]
[SourceVersion "1"]
[SourceVersionDate "2023.11.29"]
[SourceQuality "1"]

1. d4 d5 2. c4 e6 3. Nc3 Nf6 4. Nf3 Be7 5. Bf4 0-0 6. e3 b6 7. cxd5 Nxd5 8. Nxd5 Qxd5 9. Bd3 Qa5+ 10. Nd2 Ba6 11. Bxa6 Nxa6 12. 0-0 c5 13. Be5 cxd4 14. Bxd4 Rfd8 15. Qe2 Nc7 16. Nc4 Qa6 17. Qg4 Ne8 18. Ne5 Qb7 19. Rac1 Rac8 20. Qf3 Qxf3 21. gxf3 Kf8 22. Nd7+ Kg8 23. Ne5 Kf8 24. f4 f6 25. Nc6 Rd7 26. b4 Rdc7 27. b5 Nd6 28. a4 Nf5 29. Bb2 Bc5 30. Rfd1 Ke8 31. Rc4 Ne7 32. Nxe7 Bxe7 33. Re4 Rc2 34. Bd4 Rc1 35. Rxc1 Rxc1+ 36. Kg2 Rc4 37. Rxe6 Kd7 38. Rc6 Rxc6 39. bxc6+ Kxc6 40. e4 a5 41. Kf3 b5 42. axb5+ Kxb5 43. Ke2 Kc4 44. Ba1 a4 45. Kd2 a3 46. Kc2 Bc5 47. f3 a2 48. h3 Be3 49. e5 Bxf4 50. e6 Bd6 51. Kb2 Kd5 52. Kxa2 Kxe6 53. Bc3 Kd5 54. Kb3 Be5 55. Bd2 Kd4 56. Kc2 g5 57. Bc1 h6 58. Kd1 Kd3 59. Ke1 Bg3+ 60. Kf1 Bf4 61. Bb2 Be5 62. Bc1 Kc2 63. Be3 Kd3 64. Bc1 h5 65. Kf2 Bd4+ 66. Kf1 Bc5 67. Bb2 Bd4 68. Bc1 Kc4 69. Kg2 Kd5 70. Bd2 Ke6 71. Bc1 Kf5 72. Bd2 Be5 73. Bc1 Bf4 1/2-1/2

[Event "Titled Tuesday intern op 01st Aug Early"]
[Site "Chess.com INT"]
[Date "2023.08.01"]
[Round "1"]
[White "Adury, Anant"]
[Black "Komov, Roman"]
[Result "1/2-1/2"]
[WhiteElo "2108"]
[BlackElo "2301"]
[PlyCount "143"]
[EventDate "2023.08.01"]
[EventType "swiss (blitz)"]
[EventRounds "11"]
[EventCountry "USA"]
[SourceTitle "EXT 2024"]
[Source "ChessBase"]
[SourceDate "2023.10.10"]
[SourceVersion "1"]
[SourceVersionDate "2023.10.10"]
[SourceQuality "1"]

1. Nf3 Nf6 2. g3 b6 3. Bg2 Bb7 4. 0-0 e6 5. d3 d5 6. e4 dxe4 7. Nfd2 Be7 8. Nxe4 Qc8 9. Nxf6+ Bxf6 10. Nc3 Bxg2 11. Kxg2 0-0 12. Ne4 Nd7 13. Nxf6+ Nxf6 14. Qf3 c5 15. Bg5 Nd5 16. h4 Qd7 17. a3 Rac8 18. Rae1 h6 19. Bd2 c4 20. dxc4 Rxc4 21. c3 Rd8 22. Bc1 Rc6 23. Rd1 Rd6 24. Kg1 b5 25. Rfe1 a6 26. Rd3 Nb6 27. Rxd6 Qxd6 28. Bf4 Qd5 29. Qxd5 Rxd5 30. Kf1 Nc4 31. Bc1 Kf8 32. Ke2 Ke7 33. Rd1 Kd6 34. f3 a5 35. b3 Nb6 36. Bf4+ e5 37. Be3 Rxd1 38. Kxd1 Nd5 39. Kd2 a4 40. bxa4 bxa4 41. Bf2 f5 42. c4 Ne7 43. Kd3 Nc6 44. g4 e4+ 45. fxe4 Ne5+ 46. Kd4 f4 47. c5+ Ke6 48. g5 hxg5 49. hxg5 Ng4 50. Bg1 f3 51. c6 f2 52. Bxf2 Nxf2 53. e5 Ng4 54. c7 Kd7 55. Ke4 Kxc7 56. Kf5 Ne3+ 57. Kg6 Nc4 58. e6 Kd6 59. Kf7 Ne5+ 60. Kxg7 Kxe6 61. Kf8 Kd5 62. Ke7 Kc4 63. Ke6 Ng6 64. Kf6 Nh4 65. Ke5 Kb3 66. Kf4 Kxa3 67. Kg4 Ng6 68. Kf5 Ne7+ 69. Ke6 Ng6 70. Kf5 Nh4+ 71. Kg4 Ng6 72. Kf5 1/2-1/2

[Event "Titled Tuesday intern op 01st Aug Early"]
[Site "Chess.com INT"]
[Date "2023.08.01"]
[Round "5"]
[White "Adury, Anant"]
[Black "Vyatkin, Dmitry"]
[Result "0-1"]
[WhiteElo "2108"]
[BlackElo "2362"]
[PlyCount "70"]
[EventDate "2023.08.01"]
[EventType "swiss (blitz)"]
[EventRounds "11"]
[EventCountry "USA"]
[SourceTitle "EXT 2024"]
[Source "ChessBase"]
[SourceDate "2023.10.10"]
[SourceVersion "1"]
[SourceVersionDate "2023.10.10"]
[SourceQuality "1"]

1. Nf3 Nf6 2. g3 g6 3. Bg2 Bg7 4. 0-0 0-0 5. b3 b5 6. Bb2 Bb7 7. a4 b4 8. d3 d6 9. Nbd2 c5 10. e4 Nbd7 11. Re1 Qc7 12. e5 dxe5 13. Nxe5 Bxg2 14. Kxg2 Qb7+ 15. Qf3 Qxf3+ 16. Nexf3 e6 17. Nc4 Nb6 18. Rad1 Rfd8 19. Nxb6 axb6 20. Nd2 Nd5 21. Bxg7 Kxg7 22. Nc4 Rdb8 23. Ne3 Nc3 24. Ra1 Ra6 25. Nd1 Nd5 26. Ne3 Nc3 27. Nd1 Nd5 28. Ne3 Nc7 29. f4 Rba8 30. Rad1 b5 31. axb5 Nxb5 32. Rd2 Ra2 33. Nc4 Nd4 34. Ne3 Nxb3 35. Rf2 Nd4 0-1

[Event "Titled Tuesday intern op 01st Aug Early"]
[Site "Chess.com INT"]
[Date "2023.08.01"]
[Round "2"]
[White "Adury, Anant"]
[Black "Wieczorek, Oskar"]
[Result "0-1"]
[WhiteElo "2108"]
[BlackElo "2494"]
[PlyCount "56"]
[EventDate "2023.08.01"]
[EventType "swiss (blitz)"]
[EventRounds "11"]
[EventCountry "USA"]
[SourceTitle "EXT 2024"]
[Source "ChessBase"]
[SourceDate "2023.10.10"]
[SourceVersion "1"]
[SourceVersionDate "2023.10.10"]
[SourceQuality "1"]

1. Nf3 c5 2. g3 g6 3. Bg2 Bg7 4. 0-0 Nc6 5. c4 e5 6. Nc3 Nge7 7. d3 d6 8. Re1 0-0 9. Nd2 Be6 10. Nf1 d5 11. cxd5 Nxd5 12. Ne4 b6 13. Ng5 Bc8 14. Ne3 Nde7 15. Nc4 Rb8 16. Ne4 Nf5 17. a4 Nb4 18. Bd2 Nd4 19. Bxb4 cxb4 20. e3 Ne6 21. Qe2 f5 22. Ned6 Ba6 23. Qd2 Nc5 24. Red1 Nb3 25. Qe2 Nxa1 26. Bd5+ Kh8 27. Nf7+ Rxf7 28. Bxf7 Nb3 0-1

[Event "Titled Tuesday intern op 04th Jul Late"]
[Site "Chess.com INT"]
[Date "2023.07.04"]
[Round "1"]
[White "Makarian, Rudik"]
[Black "Adury, Anant"]
[Result "1-0"]
[WhiteElo "2541"]
[BlackElo "2108"]
[PlyCount "64"]
[EventDate "2023.07.04"]
[EventType "swiss (blitz)"]
[EventRounds "11"]
[EventCountry "USA"]
[SourceTitle "EXT 2024"]
[Source "ChessBase"]
[SourceDate "2023.10.10"]
[SourceVersion "1"]
[SourceVersionDate "2023.10.10"]
[SourceQuality "1"]

1. d4 g6 2. c4 Bg7 3. Nf3 f6 4. e4 e6 5. Nc3 Ne7 6. Be2 0-0 7. 0-0 d5 8. h3 b6 9. Bf4 Bb7 10. exd5 exd5 11. Re1 Kh8 12. Rc1 Nbc6 13. cxd5 Nxd5 14. Nxd5 Qxd5 15. Bc4 Qd7 16. Be6 Qd8 17. d5 Ne5 18. Nxe5 fxe5 19. Bxe5 Bxe5 20. Rxe5 Qf6 21. Re2 Ba6 22. Rd2 c5 23. Rc3 Rad8 24. Rf3 Qe5 25. Re3 Qf6 26. Qa4 Bc8 27. Bxc8 Rxc8 28. d6 Rcd8 29. d7 a5 30. Re8 Qf7 31. Rxf8+ Qxf8 32. Qc6 Qf6 1-0

[Event "Titled Tuesday intern op 20th Jun Early"]
[Site "Chess.com INT"]
[Date "2023.06.20"]
[Round "1"]
[White "Sadykov, Ramil"]
[Black "Adury, Anant"]
[Result "1-0"]
[WhiteElo "2345"]
[BlackElo "2106"]
[PlyCount "31"]
[EventDate "2023.06.20"]
[EventType "swiss (blitz)"]
[EventRounds "11"]
[EventCountry "USA"]
[SourceTitle "EXT 2024"]
[Source "ChessBase"]
[SourceDate "2023.10.10"]
[SourceVersion "1"]
[SourceVersionDate "2023.10.10"]
[SourceQuality "1"]

1. d4 Nf6 2. Nc3 d6 3. e4 e5 4. Nf3 Nc6 5. Bb5 exd4 6. Nxd4 Bd7 7. Bxc6 bxc6 8. Qf3 Be7 9. Bf4 0-0 10. e5 Nd5 11. Nxd5 cxd5 12. exd6 Bf6 13. dxc7 Qe8+ 14. Ne2 Bxb2 15. Rb1 Bc3+ 16. Qxc3 1-0

[Event "Titled Tuesday intern op 13th Jun Late"]
[Site "Chess.com INT"]
[Date "2023.06.13"]
[Round "7"]
[White "Adury, Anant"]
[Black "Rustemov, Alexander"]
[Result "0-1"]
[WhiteElo "2106"]
[BlackElo "2525"]
[PlyCount "55"]
[EventDate "2023.06.13"]
[EventType "swiss (blitz)"]
[EventRounds "11"]
[EventCountry "USA"]
[SourceTitle "EXT 2024"]
[Source "ChessBase"]
[SourceDate "2023.10.10"]
[SourceVersion "1"]
[SourceVersionDate "2023.10.10"]
[SourceQuality "1"]

1. Nf3 d5 2. g3 Nf6 3. Bg2 c6 4. 0-0 Bf5 5. b3 h6 6. Bb2 e6 7. c4 Be7 8. d4 0-0 9. Nc3 Nbd7 10. Nd2 Re8 11. e4 dxe4 12. Ndxe4 Nxe4 13. Nxe4 Nf6 14. Qe2 Nxe4 15. Bxe4 Bxe4 16. Qxe4 Bf6 17. Rad1 Qa5 18. a3 Rad8 19. Qc2 Re7 20. Rd3 Red7 21. Rfd1 Qf5 22. Qe2 c5 23. d5 Bxb2 24. Qxb2 exd5 25. b4 dxc4 26. Rxd7 Rxd7 27. Rxd7 Qxd7 28. bxc5 0-1

[Event "Titled Tuesday intern op 13th Jun Late"]
[Site "Chess.com INT"]
[Date "2023.06.13"]
[Round "9"]
[White "Mendez Fortes, Eduardo Jesus"]
[Black "Adury, Anant"]
[Result "1/2-1/2"]
[WhiteElo "2231"]
[BlackElo "2106"]
[PlyCount "97"]
[EventDate "2023.06.13"]
[EventType "swiss (blitz)"]
[EventRounds "11"]
[EventCountry "USA"]
[SourceTitle "EXT 2024"]
[Source "ChessBase"]
[SourceDate "2023.10.10"]
[SourceVersion "1"]
[SourceVersionDate "2023.10.10"]
[SourceQuality "1"]

1. e4 e5 2. Nf3 Nf6 3. d4 Nxe4 4. Bd3 d5 5. Nxe5 Nd7 6. 0-0 Bd6 7. Nxd7 Bxd7 8. Nc3 Nxc3 9. bxc3 0-0 10. Qh5 f5 11. Bg5 Qe8 12. Qf3 Qf7 13. h4 f4 14. h5 Bf5 15. Rfe1 Bxd3 16. cxd3 h6 17. Bh4 Rae8 18. Rab1 b6 19. Qg4 Qf5 20. Qxf5 Rxe1+ 21. Rxe1 Rxf5 22. Be7 Kf7 23. Bxd6 cxd6 24. Rb1 Rxh5 25. Rb3 Ke6 26. Ra3 Rf5 27. Rxa7 Rf7 28. Ra6 Rc7 29. Ra3 g5 30. Kf1 h5 31. Ke2 g4 32. g3 Rf7 33. Ra8 fxg3 34. fxg3 Rf3 35. Rh8 Rxg3 36. Rxh5 Rg2+ 37. Ke3 Rxa2 38. Rg5 Rc2 39. c4 dxc4 40. dxc4 Rxc4 41. Rxg4 Kd7 42. Kd3 b5 43. Rg8 Kc6 44. Ke4 b4 45. Rb8 Kc7 46. Rb5 Kc6 47. Rb8 Kc7 48. Rb5 Kc6 49. Rb8 1/2-1/2

[Event "Titled Tuesday intern op 14th Feb Late"]
[Site "Chess.com INT"]
[Date "2023.02.14"]
[Round "1"]
[White "Saveliev, Alexei"]
[Black "Adury, Anant"]
[Result "1-0"]
[WhiteElo "2390"]
[BlackElo "2101"]
[PlyCount "58"]
[EventDate "2023.02.14"]
[EventType "swiss (blitz)"]
[EventRounds "11"]
[EventCountry "USA"]
[SourceTitle "CBM 212 Extra"]
[Source "ChessBase"]
[SourceDate "2023.03.31"]
[SourceVersion "1"]
[SourceVersionDate "2023.03.31"]
[SourceQuality "1"]

1. c4 Nf6 2. Nc3 c6 3. e4 e5 4. Nf3 Qc7 5. d3 Bc5 6. Be2 a5 7. 0-0 d6 8. h3 h6 9. Be3 Be6 10. Qd2 Nbd7 11. d4 exd4 12. Nxd4 Bxd4 13. Bxd4 Ne5 14. b3 g5 15. Rac1 Nfd7 16. f4 gxf4 17. Rxf4 0-0-0 18. Nd5 Bxd5 19. cxd5 c5 20. Bg4 Kb8 21. Bxd7 Qxd7 22. Bxe5 dxe5 23. Rf5 Rhg8 24. Rxc5 b6 25. Rc3 Rg5 26. Rxg5 hxg5 27. Qxg5 Qd6 28. Rc6 Qb4 29. Qxd8+ Kb7 1-0

[Event "Titled Tuesday intern op 31st Jan Late"]
[Site "Chess.com INT"]
[Date "2023.01.31"]
[Round "2"]
[White "Koutlas, Nikolaos"]
[Black "Adury, Anant"]
[Result "1-0"]
[WhiteElo "2305"]
[BlackElo "2101"]
[PlyCount "101"]
[EventDate "2023.01.31"]
[EventType "swiss (blitz)"]
[EventRounds "11"]
[EventCountry "USA"]
[SourceTitle "CBM 212 Extra"]
[Source "ChessBase"]
[SourceDate "2023.03.31"]
[SourceVersion "1"]
[SourceVersionDate "2023.03.31"]
[SourceQuality "1"]

1. Nf3 g6 2. g3 Bg7 3. Bg2 e5 4. d3 Nc6 5. 0-0 Nge7 6. c4 d5 7. cxd5 Nxd5 8. a3 0-0 9. Bg5 Qd6 10. Qd2 Be6 11. Bh6 Rfd8 12. Bxg7 Kxg7 13. Rd1 Nd4 14. Nxd4 exd4 15. h4 h5 16. Qg5 c5 17. Nd2 Qe7 18. Qxe7 Nxe7 19. Rdc1 Rac8 20. Bxb7 Rb8 21. Bf3 Rxb2 22. Ne4 c4 23. dxc4 d3 24. exd3 Rxd3 25. Bg2 Nf5 26. Nc5 Rdd2 27. Ne4 Re2 28. Bf3 Rec2 29. c5 Nd4 30. Bd1 Rxc1 31. Rxc1 Bd5 32. Nc3 Bc6 33. Kf1 Nb3 34. Bxb3 Rxb3 35. a4 Kf6 36. Nb5 Bxb5+ 37. axb5 Rxb5 38. Ke2 Ke6 39. Kd3 Kd5 40. c6 Rb3+ 41. Ke2 Rb8 42. Ra1 Ra8 43. c7 Kd6 44. Rxa7 Rc8 45. Ke3 Rxc7 46. Rxc7 Kxc7 47. Kf4 Kd6 48. Kg5 Ke5 49. Kh6 Kf5 50. Kg7 f6 51. Kh6 1-0

[Event "Titled Tuesday intern op 24th Jan Late"]
[Site "Chess.com INT"]
[Date "2023.01.24"]
[Round "1"]
[White "Ambartsumova, Karina"]
[Black "Adury, Anant"]
[Result "0-1"]
[WhiteElo "2399"]
[BlackElo "2101"]
[PlyCount "78"]
[EventDate "2023.01.24"]
[EventType "swiss (blitz)"]
[EventRounds "11"]
[EventCountry "USA"]
[SourceTitle "EXT 2024"]
[Source "ChessBase"]
[SourceDate "2023.10.10"]
[SourceVersion "1"]
[SourceVersionDate "2023.10.10"]
[SourceQuality "1"]

1. c4 e5 2. Nc3 Nc6 3. Nf3 a5 4. d4 exd4 5. Nxd4 Nf6 6. g3 Bc5 7. Nc2 d6 8. Bg2 Be6 9. b3 Qd7 10. 0-0 Bh3 11. Bg5 h5 12. Bxf6 gxf6 13. Ne4 Qe6 14. Bxh3 Qxe4 15. Bg2 Qe5 16. Qd5 h4 17. Qxe5+ fxe5 18. e3 f5 19. a3 Ke7 20. Rab1 e4 21. b4 Bb6 22. Rfd1 hxg3 23. hxg3 Ne5 24. Nd4 Bxd4 25. exd4 Nxc4 26. Rdc1 b5 27. a4 d5 28. axb5 a4 29. Bf1 Nd2 30. Be2 Nxb1 31. Rxb1 a3 32. Ra1 a2 33. Kg2 Ra3 34. Bd1 Rha8 35. Bc2 Rc3 36. Bd1 Rd3 37. Be2 Rd2 38. Kf1 Rb2 39. g4 Rb1+ 0-1

[Event "Titled Tuesday intern op 17th Jan Late"]
[Site "Chess.com INT"]
[Date "2023.01.17"]
[Round "1"]
[White "Adury, Anant"]
[Black "Leiva Rodriguez, Jeammarco Giuseppe"]
[Result "0-1"]
[WhiteElo "2101"]
[BlackElo "2381"]
[PlyCount "62"]
[EventDate "2023.01.17"]
[EventType "swiss (blitz)"]
[EventRounds "11"]
[EventCountry "USA"]
[SourceTitle "CBM 212 Extra"]
[Source "ChessBase"]
[SourceDate "2023.03.31"]
[SourceVersion "1"]
[SourceVersionDate "2023.03.31"]
[SourceQuality "1"]

1. Nf3 Nf6 2. c4 e6 3. Nc3 d5 4. e3 a6 5. cxd5 exd5 6. d4 b6 7. Bd3 Bb7 8. 0-0 Nbd7 9. b3 Bd6 10. Bb2 0-0 11. Ne2 Qe7 12. Rc1 Ne4 13. Ng3 Nxg3 14. hxg3 Rac8 15. Qe2 Ra8 16. Qc2 g6 17. g4 Rac8 18. g5 Kg7 19. g3 Rh8 20. Kg2 h6 21. gxh6+ Rxh6 22. Rh1 Rxh1 23. Rxh1 Rh8 24. Rxh8 Kxh8 25. Qe2 a5 26. Ba6 Bxa6 27. Qxa6 Kg7 28. Qb7 Qe4 29. Qa6 g5 30. Qc8 Nf6 31. g4 Nxg4 0-1

[Event "Titled Tuesday intern op 03rd Jan Early"]
[Site "Chess.com INT"]
[Date "2023.01.03"]
[Round "2"]
[White "Adury, Anant"]
[Black "Subelj, Jan"]
[Result "1/2-1/2"]
[WhiteElo "2101"]
[BlackElo "2481"]
[PlyCount "143"]
[EventDate "2023.01.03"]
[EventType "swiss (blitz)"]
[EventRounds "11"]
[EventCountry "USA"]
[SourceTitle "EXT 2024"]
[Source "ChessBase"]
[SourceDate "2023.10.10"]
[SourceVersion "1"]
[SourceVersionDate "2023.10.10"]
[SourceQuality "1"]

1. Nf3 b6 2. c4 Bb7 3. Nc3 Nf6 4. g3 g6 5. Bg2 Bg7 6. 0-0 0-0 7. d4 Ne4 8. Nxe4 Bxe4 9. b3 c5 10. Bb2 Nc6 11. e3 cxd4 12. Nxd4 Bxg2 13. Kxg2 Qc8 14. Kg1 a6 15. Nxc6 Qxc6 16. Bxg7 Kxg7 17. Qd4+ Kg8 18. Rad1 d6 19. Qd5 Rac8 20. Qxc6 Rxc6 21. a4 Rb8 22. Rd5 e6 23. Rd3 Kf8 24. Rfd1 Ke7 25. e4 b5 26. cxb5 axb5 27. Ra1 bxa4 28. bxa4 Ra8 29. a5 Rca6 30. Rda3 f5 31. f3 Kf6 32. Kf2 fxe4 33. fxe4 Ke5 34. Ke3 R8a7 35. R1a2 g5 36. Ra1 g4 37. R1a2 h5 38. Ra1 Rf7 39. Ke2 Kxe4 40. Re3+ Kd5 41. Rd1+ Kc4 42. Rxe6 Rxa5 43. Rdxd6 Ra2+ 44. Rd2 Rxd2+ 45. Kxd2 Kd4 46. Ke2 Ra7 47. Rd6+ Ke5 48. Rd2 Ke4 49. Rb2 Ra4 50. Kf2 Kd3 51. Rb3+ Kc4 52. Rb2 Kc3 53. Re2 Kd4 54. Rd2+ Ke4 55. Rb2 Ra3 56. Rb4+ Kd3 57. Rb2 Rc3 58. Ra2 Rc5 59. Ra3+ Ke4 60. Ra4+ Kf5 61. Rf4+ Kg5 62. Re4 h4 63. gxh4+ Kxh4 64. Re2 Rc3 65. Kg2 Ra3 66. Rf2 Kg5 67. Re2 Kf4 68. Rf2+ Rf3 69. Rxf3+ gxf3+ 70. Kf2 Kg4 71. h4 Kxh4 72. Kxf3 1/2-1/2

[Event "Titled Tuesday intern op 03rd Jan Early"]
[Site "Chess.com INT"]
[Date "2023.01.03"]
[Round "3"]
[White "Leiva Rodriguez, Jeammarco Giuseppe"]
[Black "Adury, Anant"]
[Result "1-0"]
[WhiteElo "2381"]
[BlackElo "2101"]
[PlyCount "39"]
[EventDate "2023.01.03"]
[EventType "swiss (blitz)"]
[EventRounds "11"]
[EventCountry "USA"]
[SourceTitle "EXT 2024"]
[Source "ChessBase"]
[SourceDate "2023.10.10"]
[SourceVersion "1"]
[SourceVersionDate "2023.10.10"]
[SourceQuality "1"]

1. Nf3 Nf6 2. g3 c5 3. Bg2 Nc6 4. 0-0 d6 5. d4 cxd4 6. Nxd4 Bd7 7. c4 Rc8 8. b3 Nxd4 9. Qxd4 Bc6 10. Qxa7 Bxg2 11. Kxg2 Qd7 12. Nc3 h5 13. h4 d5 14. Rd1 d4 15. Qxd4 Qc6+ 16. f3 e6 17. Be3 Bb4 18. Ne4 Be7 19. Nd6+ Bxd6 20. Qxd6 1-0

[Event "Titled Tuesday intern op 06th Dec Late"]
[Site "Chess.com INT"]
[Date "2022.12.06"]
[Round "1"]
[White "Kleiman, Jake"]
[Black "Adury, Anant"]
[Result "1-0"]
[WhiteElo "2399"]
[BlackElo "2027"]
[PlyCount "27"]
[EventDate "2022.12.06"]
[EventType "swiss (blitz)"]
[EventRounds "11"]
[EventCountry "USA"]
[SourceTitle "CBM 211 Extra"]
[Source "ChessBase"]
[SourceDate "2023.01.31"]
[SourceVersion "1"]
[SourceVersionDate "2023.01.31"]
[SourceQuality "1"]

1. e4 c6 2. Nc3 d5 3. Nf3 Bg4 4. h3 Bxf3 5. Qxf3 e6 6. a3 Be7 7. Qg3 g6 8. Be2 Nf6 9. d3 0-0 10. 0-0 Nbd7 11. Bh6 Re8 12. e5 Nxe5 13. Qxe5 Bd6 14. Qg5 1-0

[Event "Titled Tuesday intern op 29th Nov Late"]
[Site "Chess.com INT"]
[Date "2022.11.29"]
[Round "8"]
[White "Adury, Anant"]
[Black "Bilan, Danila"]
[Result "1-0"]
[WhiteElo "2027"]
[BlackElo "2303"]
[PlyCount "147"]
[EventDate "2022.11.29"]
[EventType "swiss (blitz)"]
[EventRounds "11"]
[EventCountry "USA"]
[SourceTitle "EXT 2024"]
[Source "ChessBase"]
[SourceDate "2023.10.10"]
[SourceVersion "1"]
[SourceVersionDate "2023.10.10"]
[SourceQuality "1"]

1. Nf3 d5 2. g3 Nf6 3. Bg2 c5 4. 0-0 Nc6 5. d4 Bg4 6. Ne5 cxd4 7. Nxg4 Nxg4 8. e4 Nf6 9. exd5 Nxd5 10. c3 e6 11. cxd4 Be7 12. Nc3 Nb6 13. d5 exd5 14. Nxd5 Nxd5 15. Qxd5 Qxd5 16. Bxd5 0-0 17. Be3 Bf6 18. Rac1 Bxb2 19. Rb1 Bf6 20. Rxb7 Nd4 21. Rxf7 Rxf7 22. Bxa8 Rd7 23. Kg2 Nc2 24. Bf4 g5 25. Bc1 Re7 26. Bd5+ Kg7 27. Bb3 Re2 28. Rd1 Nd4 29. Be3 Nxb3 30. axb3 Rb2 31. Rd7+ Kg6 32. Rd6 Rxb3 33. Bd4 Kf5 34. Rxf6+ Ke4 35. Be3 a5 36. Bxg5 a4 37. Rh6 Rb5 38. h4 Ra5 39. Rxh7 a3 40. Bf6 Kf5 41. Ba1 Kg6 42. Rb7 Kf5 43. Rb3 Ke4 44. h5 a2 45. h6 Rh5 46. Rb2 Rxh6 47. Rxa2 Rc6 48. Re2+ Kd3 49. Re3+ Kd2 50. Rf3 Rg6 51. Be5 Ke2 52. Bf4 Rf6 53. Re3+ Kd1 54. g4 Rxf4 55. Kg3 Rf8 56. f4 Kd2 57. Rf3 Ke2 58. f5 Rg8 59. f6 Rf8 60. f7 Ke1 61. g5 Ke2 62. g6 Ra8 63. f8Q Ra2 64. Qe7+ Kd1 65. Qe3 Rd2 66. Qxd2+ Kxd2 67. g7 Kc1 68. g8Q Kb1 69. Qg4 Ka1 70. Qf4 Kb2 71. Re3 Kc1 72. Qd4 Kc2 73. Rc3+ Kb2 74. Qb4+ 1-0

[Event "Titled Tuesday intern op 29th Nov Late"]
[Site "Chess.com INT"]
[Date "2022.11.29"]
[Round "6"]
[White "Jimenez, Joaquin Rodrigo"]
[Black "Adury, Anant"]
[Result "0-1"]
[WhiteElo "2214"]
[BlackElo "2027"]
[PlyCount "150"]
[EventDate "2022.11.29"]
[EventType "swiss (blitz)"]
[EventRounds "11"]
[EventCountry "USA"]
[SourceTitle "EXT 2024"]
[Source "ChessBase"]
[SourceDate "2023.10.10"]
[SourceVersion "1"]
[SourceVersionDate "2023.10.10"]
[SourceQuality "1"]

1. c4 c6 2. e4 d6 3. d4 e5 4. dxe5 dxe5 5. Qxd8+ Kxd8 6. Nc3 f6 7. Be3 Be6 8. 0-0-0+ Kc7 9. f3 Bb4 10. Bd3 Na6 11. Nge2 Bc5 12. Bxc5 Nxc5 13. b3 a5 14. Kc2 Ne7 15. Rd2 h5 16. Nd1 h4 17. Ne3 g5 18. Nc3 Rhd8 19. Rhd1 Rd4 20. Ne2 Rd7 21. Nc3 Rd4 22. Bf1 Rad8 23. Ne2 Rxd2+ 24. Rxd2 Rxd2+ 25. Kxd2 b5 26. Nc1 Kb6 27. Kc3 b4+ 28. Kb2 a4 29. a3 bxa3+ 30. Kxa3 axb3 31. Nxb3 Nxb3 32. Kxb3 Kc5 33. Kc3 Nc8 34. Nd1 Kb6 35. Nb2 c5 36. Nd1 Ne7 37. Ne3 Nc6 38. Be2 Nd4 39. Bd1 Ka5 40. Nd5 Bxd5 41. cxd5 Kb6 42. Kc4 Nb5 43. d6 Nxd6+ 44. Kd5 Kc7 45. Kxc5 Kd7 46. Kd5 Ke7 47. g3 Nf7 48. Kc4 Nd8 49. Ba4 Ne6 50. Kd3 Ng7 51. Ke3 Nh5 52. Kf2 Kf7 53. Bb3+ Kg6 54. Ba4 Kg7 55. Bd1 Kh6 56. Be2 Kg6 57. Bb5 Kh6 58. Bd7 Ng7 59. Bg4 hxg3+ 60. hxg3 Kg6 61. Ke3 Kf7 62. Kd3 Ke7 63. Kc4 Kd6 64. Kd3 Ne8 65. Ke3 Kc5 66. Bd7 Nd6 67. Be6 Kc6 68. Bd5+ Kc5 69. Kd3 Nc8 70. Ke3 Nb6 71. Be6 Nc4+ 72. Bxc4 Kxc4 73. f4 g4 74. f5 Kc3 75. Ke2 Kd4 0-1